| 000 | 00680cam a22002414a 4500 | ||
|---|---|---|---|
| 020 | _a1597180564 (set) | ||
| 020 | _a9781597180566 (set) | ||
| 020 | _a9781597180573 (v. 1) | ||
| 020 | _a1597180572 (v. 1) | ||
| 020 | _a9781597180580 (v. 2) | ||
| 020 | _a1597180580 (v. 2) | ||
| 040 | _cSTF | ||
| 082 | 0 | 0 | _a519 STA 2009 A033 Or. |
| 245 | 0 | 0 |
_aMata reference manual : _brelease 11. |
| 246 | 1 | 8 | _aStata 11 : Mata matrix programming |
| 246 | 1 | 4 | _aStata : release 11 |
| 260 |
_aCollege Station, Tex. : _bStataCorp LP, _cc2009. |
||
| 300 |
_a2 v. ; _c24 cm. |
||
| 500 | _aIncludes index. | ||
| 650 | 0 | _aProgramming (Mathematics) | |
| 710 | 2 | _aStataCorp LP. | |
| 942 | _cEK | ||
| 999 |
_c12568 _d12568 |
||